Statistics for Flags on the United States' Wikipedia Page

Click here to take the quiz!

General Stats

  • This quiz has been taken 25 times
  • The average score is 5 of 9

Answer Stats

Answer% Correct
United States
100%
England
96%
New York
67%
New York City
67%
Prisoner of {War}
67%
Tennessee
67%
British {Red} Ensign
13%
English {Yellow} Ensign
13%
Monmouth Flag
4%

Score Distribution

Percentile by Number Answered

Percent of People with Each Score

Your Score History

You have not taken this quiz